<?xml version="1.0" encoding="UTF-8"?>
<collection xmlns="http://www.loc.gov/MARC21/slim">
 <record>
  <leader>00450pamaa2200157   4500</leader>
  <controlfield tag="001">0000037671</controlfield>
  <controlfield tag="005">20090120090000.0</controlfield>
  <datafield tag="020" ind1="0" ind2="0">
   <subfield code="a">0131801678 (pbk) </subfield>
  </datafield>
  <datafield tag="082" ind1=" " ind2=" ">
   <subfield code="a">624.171 HIB 1995</subfield>
  </datafield>
  <datafield tag="090" ind1="0" ind2="0">
   <subfield code="a">TA645 </subfield>
   <subfield code="b">HIB 1995</subfield>
  </datafield>
  <datafield tag="100" ind1="1" ind2="0">
   <subfield code="a">Hibbeler </subfield>
  </datafield>
  <datafield tag="245" ind1="1" ind2="0">
   <subfield code="a">Structural analysis  </subfield>
   <subfield code="c">Russell C. Hibbeler.</subfield>
  </datafield>
  <datafield tag="250" ind1="0" ind2="0">
   <subfield code="a">3rd ed.</subfield>
  </datafield>
  <datafield tag="260" ind1="0" ind2="0">
   <subfield code="a">Upper Saddler River, NJ: </subfield>
   <subfield code="b">Prentice Hall, </subfield>
   <subfield code="c">1995.</subfield>
  </datafield>
  <datafield tag="300" ind1=" " ind2=" ">
   <subfield code="a">xiv, 729p.: </subfield>
   <subfield code="b">ill.; </subfield>
   <subfield code="c">25 cm.</subfield>
  </datafield>
  <datafield tag="650" ind1="0" ind2="0">
   <subfield code="a">Structural analysis (Engineering) </subfield>
  </datafield>
 </record>
</collection>
